Liberated Theatre: (Record no. 124601)
[ view plain ]
| 000 -LEADER | |
|---|---|
| fixed length control field | 00445nam a22001337a 4500 |
| 008 - FIXED-LENGTH DATA ELEMENTS--GENERAL INFORMATION | |
| fixed length control field | 160413b xxu||||| |||| 00| 0 eng d |
| 050 ## - LIBRARY OF CONGRESS CALL NUMBER | |
| Classification number | PN2876.B3 L695 |
| 100 ## - MAIN ENTRY--PERSONAL NAME | |
| Personal name | Mannan, Abdul (ed.) |
| 9 (RLIN) | 23810 |
| 245 ## - TITLE STATEMENT | |
| Title | Liberated Theatre: |
| Remainder of title | a form of indigenous theatre |
| Statement of responsibility, etc | edited by Abdul Mannan |
| 260 ## - PUBLICATION, DISTRIBUTION, ETC. (IMPRINT) | |
| Place of publication, distribution, etc | Dacca |
| Name of publisher, distributor, etc | Indigenous People's Theatre Association |
| Date of publication, distribution, etc | 1982 |
| 300 ## - PHYSICAL DESCRIPTION | |
| Extent | p. |
| Dimensions | 14cm. |
| 650 ## - SUBJECT ADDED ENTRY--TOPICAL TERM | |
| Topical term or geographic name as entry element | Theatre |
| Geographic subdivision | Bangladesh |
| 9 (RLIN) | 23752 |
| 942 ## - ADDED ENTRY ELEMENTS (KOHA) | |
| Source of classification or shelving scheme | Library of Congress Classification |
| Item type | Monograph ( Printed materials) |
| Withdrawn status | Lost status | Source of classification or shelving scheme | Damaged status | Not for loan | Collection code | Home library | Current library | Shelving location | Date acquired | Total Checkouts | Full call number | Barcode | Date last seen | Price effective from | Koha item type |
|---|---|---|---|---|---|---|---|---|---|---|---|---|---|---|---|
| Library of Congress Classification | Main Collection | ARRUPE LIBRARY | ARRUPE LIBRARY | Main Collection | 13/04/2016 | PN2876.B3 L695 | 46500006936 | 27/03/2019 | 13/04/2016 | Monograph ( Printed materials) |